000 00279nam a22001217a 4500
082 _a621.3 HAM'E
100 _aGEHMLICH, D. K,HAMMOND, S. B
_977452
245 _aELECTRICAL ENGINEERING
250 _a2ND
260 _aNEWYORK
_bMCGRAW HILL
_c1970
300 _a542P
942 _cBK
999 _c582717
_d582717